Lord of the Rings: The Ringwraiths - Statistics

General Stats
  • This quiz has been taken 50 times
  • The average score is 14 of 17
Answer Stats
Hint Answer % Correct
How many Ringwraiths are there? Nine
100%
Who killed the Witch-king? Eowyn
98%
What are the Ringwraiths also known as? Nazgul
98%
Who is the leader of the Ringwraiths? The Witch-king of Angmar
98%
How many Ringwraiths pursued Gandalf after he fought them on Weathertop? Four
95%
Who did the Witch-king stab at weathertop? Frodo
95%
Who drove the Ringwraiths away from weathertop and the hobbits with fire? Aragorn
93%
Who is the Ringwraiths master? Sauron
91%
What are some of the weapons the Ringwraiths used? The Black Breath
88%
How many of the Ringwraiths were Numenoreans? Three
88%
What are some of the things the Ringwraiths feared? Daylight
81%
What mounts did the Ringwraiths use? Horses and Fell-beasts
77%
Who did Elrond send to help Frodo and his companions get to Rivendell when they were being pursued by the Ringwraiths? Glorfindel
72%
Where were the rest of the Ringwraiths destroyed? Mount Doom
72%
Who defied the Ringwraiths at the Ford of Bruinen? Frodo
49%
Who is the second most powerful Ringwraith? Khamul
49%
Who gave the prophecy about the Witch-king: "Far off yet is his doom, and not by the hand of man will he fall."? Glorfindel
40%
No matching quizzes found
Score Distribution
Percent of People with Each Score
Percentile by Number Answered
Your Score History
You have not taken this quiz